People with over 100 million followers on Instagram - Statistics

General Stats
  • This quiz has been taken 19 times
  • The average score is 17 of 33
Answer Stats
Description Person Followers % Correct
Football player Cristiano Ronaldo 672 million
100%
Acting / wresting Dwayne Johnson 390 million
100%
Basketball player LeBron James 157 million
100%
Football player Lionel Messi 511 million
100%
Music Taylor Swift 280 million
94%
Music Justin Bieber 292 million
89%
Football player Neymar Jr 234 million
89%
Media personality Kim Kardashian 353 million
78%
Music Drake 141 million
72%
Music / acting Selena Gomez 415 million
72%
Music Rihanna 149 million
67%
Media personality Khloé Kardashian 299 million
61%
Media personality Kourtney Kardashian 215 million
61%
Football player Kylian Mbappé 130 million
61%
Media personality Kylie Jenner 390 million
56%
Music / acting Ariana Grande 371 million
50%
Music Katy Perry 201 million
50%
Media personality Kendall Jenner 284 million
50%
Music / acting Beyoncé 307 million
39%
Politics Narendra Modi 101 million
39%
Music Billie Eilish 125 million
33%
Music / acting Jennifer Lopez 246 million
33%
Comedy / acting Kevin Hart 176 million
33%
Comedy / television Ellen DeGeneres 134 million
28%
Acting / music Zendaya 176 million
28%
Music / acting Miley Cyrus 210 million
22%
Cricket player Virat Kohli 275 million
22%
Music / acting Cardi B 164 million
17%
Music Chris Brown 143 million
17%
Music / acting Demi Lovato 152 million
6%
Acting Gal Gadot 106 million
6%
Acting Vin Diesel 105 million
6%
Music Lisa 107 million
0%
No matching quizzes found
Score Distribution
Percent of People with Each Score
Percentile by Number Answered
Your Score History
You have not taken this quiz